| 000 | 00604nam a2200205 i 4500 | ||
|---|---|---|---|
| 001 | 98299 | ||
| 003 | ES-MaACL | ||
| 005 | 20230906182244.0 | ||
| 007 | t| | ||
| 008 | 050727s1952 sp ||||1| spa d | ||
| 100 | 1 |
_aMarshall, Edison. _977131 |
|
| 245 | 1 | 3 |
_aEl teniente de Bengala / _cEdison Marshall; [versión española de José María Claramunda-Bes]. |
| 250 | _a[1ª ed.]. | ||
| 260 |
_aBarcelona : _bLuis de Caralt, _c1952. |
||
| 490 | 1 | _aGigante | |
| 700 | 1 |
_aClaramunda Bes, José María. _938998 |
|
| 830 | 0 |
_aGigante _9181050 |
|
| 852 |
_aES-MaACL _jD-8616 _bR.32997 |
||
| 999 |
_c98299 _d98299 |
||